| 000 | 00569nam a2200241Ia 4500 | ||
|---|---|---|---|
| 003 | OSt | ||
| 005 | 20221005120734.0 | ||
| 006 | a|||||r|||| 00| 0 | ||
| 007 | ta | ||
| 008 | 221004b |||||||| |||| 00| 0 eng d | ||
| 024 | _a61105 | ||
| 037 | _cTextual | ||
| 040 |
_aCRL _cCRL _beng |
||
| 041 |
_2eng _aeng |
||
| 082 | _aU8, K4 | ||
| 100 |
_aClark William R _9513162 |
||
| 245 | 0 | _aExplorers of the world | |
| 260 | _c1964 | ||
| 650 | _a TRAVEL | ||
| 650 | _aGEOGRAPHY | ||
| 942 |
_hU8, K4 _cTEXL _2cc |
||
| 999 |
_c1038993 _d1038993 |
||